000 00183nam a22000977a 4500
020 _a9780141387772
082 _a800.86
100 _aASHER, JAY
245 _a13 REASONS WHY
942 _cBK
999 _c5999
_d5999